000 00487nam a2200157 i 4500
001 135092
003 ES-MaACL
005 20230906194814.0
007 t|
008 070709s1943 po ||||1| spa d
100 1 _aThomas, Joaquín E.
_9110026
245 1 3 _aLa realización portuguesa del Estado Corporativo
_b: sintesis de sus fundamentos /
_cpor Joaquín E. Thomas.
260 _aLisboa :
_bEdiciones S.P.N.,
_c1943.
300 _a107 p. ;
_c23 cm.
852 _aES-MaACL
_j1842-F-19
999 _c135092
_d135092